| 000 | 01318namaa22003251i 4500 | ||
|---|---|---|---|
| 005 | 20260302102806.0 | ||
| 008 | 260209s1995 u a|||fr|m|| 000 0 eng d | ||
| 040 |
_aEG-GICUC _beng _cEG-GICUC _dEG-GICUC _erda |
||
| 041 | 0 |
_aeng _beng _bara |
|
| 049 | _aDeposit | ||
| 097 | _aPh.D | ||
| 099 | _aCai01.11.31.Ph.D.1995.Lo.M | ||
| 100 | 0 |
_aLoai Ezzat Mahmoud Nasr, _epreparation. |
|
| 245 | 1 | 0 |
_aMri in spinal cord in juries / _cBy Loai Ezzat Mahmoud Nasr ; Supervised Prof. Dr. Samir El Tatawi, Prof. Dr. Abdel- Hamid Zidan, Prof. Dr. Helmy Abdel Hami. |
| 246 | 1 | 5 | _aالرنين المغناطيسى فى اصابات النخاع الشوكى |
| 264 | 0 | _c1995 | |
| 300 |
_a151 Leaves : _billustrations ; _c30 cm. + |
||
| 336 |
_2rda content _atext |
||
| 337 |
_2rdamedia _aUnmediated |
||
| 338 |
_2rdacarrier _avolume |
||
| 502 | _a Thesis (Ph.D)-Cairo University, 1995 | ||
| 504 | _aBibliography: pages 141-151 | ||
| 653 | 0 | _aMri in spinal cord in juries | |
| 700 | 0 |
_aSamir El Tatawi _ethesis advisor. |
|
| 700 | 0 |
_aAbdel- Hamid Zidan _ethesis advisor. |
|
| 700 | 0 |
_aHelmy Abdel Hamid _ethesis advisor. |
|
| 900 |
_DDepartment of Radiology _FFaculty of Medicine _UCairo University _b1995 _cSamir El Tatawi _cAbdel- Hamid Zidan _cHelmy Abdel Hamid |
||
| 905 |
_aNagat _eNourhan |
||
| 942 |
_2ddc _cTH _e21 _n0 |
||
| 999 | _c178291 | ||